Risk and insurance in construction. (Record no. 102841)

MARC details
000 -LEADER
fixed length control field 01299cad a22003015a 4500
008 - FIXED-LENGTH DATA ELEMENTS--GENERAL INFORMATION
fixed length control field 030528s2003 xxk f 000 0 eng u
020 ## - INTERNATIONAL STANDARD BOOK NUMBER
International Standard Book Number 0419213805
-- 9780203476543
035 ## - SYSTEM CONTROL NUMBER
System control number (Sirsi) u122433
050 ## - LIBRARY OF CONGRESS CALL NUMBER
Classification number 690.068
-- 21
050 ## - LIBRARY OF CONGRESS CALL NUMBER
Classification number 346.410865
-- 21
100 ## - MAIN ENTRY--PERSONAL NAME
Personal name Bunni, Nael G.
245 ## - TITLE STATEMENT
Title Risk and insurance in construction.
250 ## - EDITION STATEMENT
Edition statement 2nd ed.
260 ## - PUBLICATION, DISTRIBUTION, ETC.
Place of publication, distribution, etc. London
Name of publisher, distributor, etc. Taylor and Francis
Date of publication, distribution, etc. 2003
300 ## - PHYSICAL DESCRIPTION
Extent xxii, 471p.
Dimensions 26cm.
350 ## - PRICE (NR) (BK AM CF MU VM SE) [OBSOLETE]
Price 90
520 ## - SUMMARY, ETC.
Summary, etc. An in depth study of risk management and insurance within the construction industry. The text considers the spectrum of hazards and risks associated with construction, responsibility and liability, indemnity and insurance, the structure of the insurance market, insurance clauses in the standard forms of building and engineering contracts, and alternative methods of insuring. Case law.
520 ## - SUMMARY, ETC.
Summary, etc. Supersedes first edition "Construction insurance" (ISBN 0853344388).
650 ## - SUBJECT ADDED ENTRY--TOPICAL TERM
Topical term or geographic name entry element BUILT ENVIRONMENT-BUILDING CONTRACT FORMS
650 ## - SUBJECT ADDED ENTRY--TOPICAL TERM
Topical term or geographic name entry element CONSTRUCTION INDUSTRY
650 ## - SUBJECT ADDED ENTRY--TOPICAL TERM
Topical term or geographic name entry element ENGINEERING CONTRACTS
650 ## - SUBJECT ADDED ENTRY--TOPICAL TERM
Topical term or geographic name entry element Insurance
9 (RLIN) 6249
650 ## - SUBJECT ADDED ENTRY--TOPICAL TERM
Topical term or geographic name entry element PROFESSIONAL INDEMNITY INSURANCE
650 ## - SUBJECT ADDED ENTRY--TOPICAL TERM
Topical term or geographic name entry element RISK MANAGEMENT
650 ## - SUBJECT ADDED ENTRY--TOPICAL TERM
Topical term or geographic name entry element SURVEYORS' LIABILITIES
690 ## - LOCAL SUBJECT ADDED ENTRY--TOPICAL TERM (OCLC, RLIN)
Topical term or geographic name as entry element BUILDING AND CONSTRUCTION-MANAGEMENT
942 ## - ADDED ENTRY ELEMENTS (KOHA)
Suppress in OPAC 0
Holdings
Withdrawn status Lost status Source of classification or shelving scheme Damaged status Not for loan Home library Current library Shelving location Date acquired Cost, normal purchase price Total Checkouts Full call number Barcode Date last seen Date last checked out Copy number Cost, replacement price Price effective from Koha item type
    Dewey Decimal Classification     London London Books 19/06/2003 76.50 34 690.068 BUN 30067510 06/08/2019 14/01/2010 1 76.50 06/08/2019 Book
    Dewey Decimal Classification     London London Books 26/09/2003 90.00 31 690.068 BUN 30067786 06/08/2019 04/11/2009 2 90.00 06/08/2019 Book